000 00586nam a22001937a 4500
005 20130514115103.0
010 _aENG-107101
020 _a9789381090435
_c500.00
035 _aEN-90634
037 _bDBAD/PUB
082 _a150.3
245 1 0 _aEssential terminology of psychology /
_cedited by Savita Vaghela
260 _aHaryana
_bShanti Prakashan
_c(201?)
270 _a1780, Sector-1, Delhi By-pass
_bRohtak
_e124001
300 _a277p.
_c22cm(Hb)
500 _aIncludes bibliographical references
700 _aVaghela, Savita
942 _2ddc
_cEN
_mESS
_h150.3
999 _c75441
_d75441